000 00702nas a2200253 4500
001 BR8101448
003 BR-BrBNA
005 20231205084553.0
007 ta
008 230509b bl.|||p| |||| 00| 00por d
040 _aBR-BrBNA
_bpor
_cBiblioteca Nacional de Agricultura
041 _a(Pt)
072 _aF00; L30
100 1 _aAmaral Filho, J.L. do
245 1 _aSilagem: producao e uso
650 _aProducao vegetal
650 _aNutricao animal
650 _aSilagem
650 _aSilo
650 _aEnsilagem
773 0 _tRevista dos Criadores (Brazil)
_xISSN 0034-9259
_g(Feb 1981), v. 50(613) p. 8-16
_wBR8101448
909 _a202311
_bLúcia
_c55
_dLúcia Elande
942 _2AGRIS
_n0
_cANA
999 _c105997
_d105997